Statistics for FIFA FOOTBALL SPAIN PLAYER BY PICTURE

Click here to take the quiz!

General Stats

  • This quiz has been taken 42 times
  • The average score is 34 of 48

Answer Stats

Answer% Correct
Andrés Iniesta
92%
David De Gea
92%
Sergio Ramos
92%
Xavi
92%
Carles Puyol
90%
Fernando Torres
90%
Diego Costa
87%
David Silva
85%
David Villa
85%
Gerard Piqué
85%
Isco
85%
Sergio Busquets
85%
Iker Casillas
82%
Jordi Alba
82%
Xabi Alonso
82%
Álvaro Morata
79%
Pedri
79%
Daniel Carvajal
74%
Pedro
74%
Thiago
74%
Victor Valdés
74%
Anssumane Fati
72%
Aymeric Laporte
72%
Marco Asensio
72%
Marcos Alonso
72%
Rodri
72%
César Azpilicueta
69%
Héctor Bellerín
69%
Cesc Fàbregas
67%
Dani Olmo
64%
Fernando Hierro
64%
Ferrán Torres
64%
Koke
64%
Lucas Vázquez
62%
Santi Cazorla
62%
Sergio Reguilón
62%
Unai Simón
62%
Jesús Navas
59%
Carlos Soler
56%
Javi Martinez
54%
Mikel Oyarzabal
54%
Gerard Moreno
51%
Pedro Porro
51%
Dani Parejo
49%
Emilio Butragueño
41%
Marcos Llorente
41%
Pablo Sarabia
41%
Pau Torres
41%

Score Distribution

Percentile by Number Answered

Percent of People with Each Score

Your Score History

You have not taken this quiz